Are Real Estate Prices Evolving into an Asset Price Bubble?

Porovnanie a analýza vývoj cien nehnuteľností v najvýznamnejších krajinách OECD s cenami v Nemecku. Model cien nehnuteľností poskytujúci informácie o cenovej bubline. Identifikácie bublín v cenách nehnuteľností.

Salvato in:
Dettagli Bibliografici
Autore principale: Kloppenburg, Wolfganf
Natura: Capitolo di libro
Lingua:inglese
Soggetti:
Tags: Aggiungi Tag
Nessun Tag, puoi essere il primo ad aggiungerne!!

MARC

LEADER 00000naa a2200000 4500
001 0279320
005 20211028142718.1
041 0 |a eng 
044 |a CZ 
245 1 0 |a Are Real Estate Prices Evolving into an Asset Price Bubble?  |c Wolfganf Kloppenburg 
520 |a Porovnanie a analýza vývoj cien nehnuteľností v najvýznamnejších krajinách OECD s cenami v Nemecku. Model cien nehnuteľností poskytujúci informácie o cenovej bubline. Identifikácie bublín v cenách nehnuteľností. 
610 2 0 |a politika menová 
610 2 0 |a nehnuteľnosti 
610 2 0 |a aktíva 
610 2 0 |a bubliny finančné 
100 1 |a Kloppenburg, Wolfganf